Regionen Islands - mit Karte - Statistiken

Allgemein
  • Dieses Quiz wurde 31 mal gespielt
  • Das Durchschnittsergebnis liegt bei 5 aus 8
Antworten auf der Karte
Die Antworten werden auf der Karte rot bzw. grün angezeigt, abhängig davon wie oft sie richtig erraten wurden.
 
Antwortstatistiken
Region Einwohner % Korrekt
Höfuðborgarsvæðið | Reykjavík 200.907
89%
{Norð}urland eystra 28.900
78%
{Norð}urland vestra 7.394
78%
{Suð}urland 23.879
78%
{Vest}urland 15.370
78%
Suðurnes | Reykjanes 21.359
56%
{Aust}urland 12.459
50%
Vestfirðir 7.362
28%
Keine übereinstimmenden Quizze gefunden
Verteilung der Resultate
Anzahl Personen mit jedem Resultat
Perzentil nach korrekt beantworteten Fragen
Ihre Resultats-Entwicklung
Sie haben dieses Quiz noch nicht gespielt